| 000 | 00426nam a22001457a 4500 | ||
|---|---|---|---|
| 005 | 20150330124753.0 | ||
| 008 | 150330b xxu||||| |||| 00| 0 eng d | ||
| 040 | _cPK-LaUMT | ||
| 082 |
_aKHC 306.95491 _bABD-H |
||
| 100 | _aعبدالمجید | ||
| 245 |
_aہڑپہ تہزیب _bماضی کے آئینے میں _cعبدالمجید |
||
| 260 |
_aساہیوال _bغیور اکیڈمی _c1993 |
||
| 300 | _a224 ص | ||
| 942 | _cBK | ||
| 999 |
_c68440 _d68440 |
||